000
00292nam a22001337a 4500
008
170330b xxu||||| |||| 00| 0 eng d
020
_a
0895774607
041
_a
eng
080
_a
616-053.2
100
_a
8
101
_a
SHM
245
_a
GENES AND INHERTANCE
_c
CLAYMAN.CH.B
942
_2
udc
_c
BK
999
_c
9060
_d
9060